[Event "TCh-NOR Elite 2023-24"]
[Site "Oslo NOR"]
[Date "2023.10.27"]
[Round "1.42"]
[White "Gullaksen, Eirik"]
[Black "Bosiocic, Marin"]
[Result "1/2-1/2"]
[WhiteTitle "IM"]
[BlackTitle "GM"]
[WhiteElo "2312"]
[BlackElo "2549"]
[WhiteTeam "Bergens"]
[BlackTeam "Valerenga"]
[WhiteFideId "1500945"]
[BlackFideId "14507927"]
[EventDate "2023.10.27"]
[EventType "team"]

1. e4 c6 2. Nc3 d5 3. Nf3 Bg4 4. h3 Bxf3 5. Qxf3 e6 6. Be2 Bc5 7. O-O Ne7 8. Na4
Bd6 9. d4 dxe4 10. Qxe4 Qa5 11. Nc3 Nd7 12. Rd1 Nf6 13. Qf3 Qf5 14. Qxf5 Nxf5
15. Bg5 Rd8 16. Kf1 Be7 17. Be3 Bb4 18. Nb1 e5 19. c3 exd4 20. Bxd4 Nxd4 21.
Rxd4 Rxd4 22. cxd4 Nd5 23. Bf3 Kd7 24. Bxd5 cxd5 25. Nc3 Bxc3 26. bxc3 Re8 27.
Rb1 Kc6 28. Rb3 b6 29. a4 f5 30. g3 g5 31. Rb2 h5 32. Rb1 Re4 33. Rb3 h4 34.
gxh4 Rxh4 35. Kg2 Re4 36. Kf1 f4 37. Kg2 Re2 38. Ra3 a5 39. Kf3 Rb2 40. Kg4 b5
41. axb5+ Kxb5 42. Kxg5 a4 43. Kxf4 Rb3 44. Ra1 a3 45. Ke5 Kc4 46. f4 Rxc3 47.
f5 Re3+ 48. Kf4 Re4+ 49. Kg5 Re3 50. Kf4 Rxh3 51. f6 Kb3 52. f7 Rh8 53. Ke5 Rf8
54. Ke6 Kb2 55. Rf1 a2 56. Ke7 Ra8 1/2-1/2

[Event "TCh-NOR Elite 2023-24"]
[Site "Oslo NOR"]
[Date "2023.10.27"]
[Round "1.43"]
[White "Holm, Kristian Stuvik"]
[Black "Gabrielsen, Stig"]
[Result "1-0"]
[WhiteTitle "IM"]
[BlackTitle "FM"]
[WhiteElo "2492"]
[BlackElo "2278"]
[WhiteTeam "Valerenga"]
[BlackTeam "Bergens"]
[WhiteFideId "1508083"]
[BlackFideId "1501518"]
[EventDate "2023.10.27"]
[EventType "team"]

1. d4 Nf6 2. c4 g6 3. Nc3 Bg7 4. e4 d6 5. Be2 O-O 6. Be3 e5 7. d5 Nbd7 8. Qc2 a5
9. h4 Nc5 10. h5 Bd7 11. O-O-O a4 12. Nh3 Qb8 13. hxg6 hxg6 14. f3 Qa7 15. Qd2
Qa5 16. Nf2 Rfb8 17. Nd3 Nxd3+ 18. Bxd3 a3 19. b3 c6 20. Kb1 Be8 21. Rc1 Nh5 22.
Bh6 Bf6 23. Bg5 Bg7 24. Qf2 f6 25. Bd2 Nf4 26. Bf1 Qc7 27. g3 Nh5 28. f4 exf4
29. gxf4 Qe7 30. f5 cxd5 31. exd5 Qe5 1-0

[Event "TCh-NOR Elite 2023-24"]
[Site "Oslo NOR"]
[Date "2023.10.27"]
[Round "1.44"]
[White "Mansoor, Afras"]
[Black "Hobber, Anders"]
[Result "1-0"]
[BlackTitle "FM"]
[WhiteElo "2181"]
[BlackElo "2348"]
[WhiteTeam "Bergens"]
[BlackTeam "Valerenga"]
[WhiteFideId "1522108"]
[BlackFideId "1505424"]
[EventDate "2023.10.27"]
[EventType "team"]

1. d4 d5 2. c4 c6 3. Nf3 Nf6 4. g3 Bg4 5. Ne5 Bf5 6. Bg2 e6 7. Nc3 Nbd7 8. O-O
Be7 9. Qb3 Nxe5 10. dxe5 Nd7 11. Qxb7 O-O 12. Qxc6 Rc8 13. Qa4 Rxc4 14. Qxa7 Qc8
15. Be3 Rc7 16. Qa5 Nxe5 17. Nb5 Rb7 18. a4 Nc4 19. Qc3 Qd7 20. Bd4 Rc8 21. Rfc1
f6 22. Qe1 e5 23. Bc3 Rbb8 24. e4 Bg4 25. exd5 Bc5 26. Bb4 Bb6 27. b3 Nb2 28.
Qd2 Bd4 29. Nxd4 exd4 30. Ba3 Nd1 31. Rxd1 Bxd1 32. Qxd1 Rc3 33. d6 d3 34. b4
Qf5 35. Qf3 Qxf3 36. Bxf3 d2 37. Kg2 Re8 38. b5 1-0

[Event "TCh-NOR Elite 2023-24"]
[Site "Oslo NOR"]
[Date "2023.10.27"]
[Round "1.45"]
[White "Westrum, Kim Roger Hansen"]
[Black "Mork, Kjell Arne"]
[Result "1-0"]
[WhiteTitle "CM"]
[BlackTitle "FM"]
[WhiteElo "2146"]
[BlackElo "2231"]
[WhiteTeam "Valerenga"]
[BlackTeam "Bergens"]
[WhiteFideId "1540009"]
[BlackFideId "1501801"]
[EventDate "2023.10.27"]
[EventType "team"]

1. c4 e5 2. Nc3 Nc6 3. g3 Bc5 4. Bg2 a6 5. e3 d6 6. Nf3 Ba7 7. h3 Nge7 8. d4 O-O
9. dxe5 dxe5 10. Qxd8 Rxd8 11. g4 Rb8 12. O-O b5 13. cxb5 axb5 14. b3 f6 15. Bb2
Be6 16. Rfc1 Nb4 17. Ba3 c5 18. Bf1 Nd3 19. Rd1 b4 20. Rxd3 Rxd3 21. Bxd3 bxc3
22. Rc1 Nd5 23. Bc4 Kf7 24. Bxd5 Bxd5 25. Ne1 Rc8 26. Rxc3 c4 27. Nc2 Be6 28.
Bc1 cxb3 29. Rxc8 Bxc8 30. axb3 h5 31. f3 hxg4 32. hxg4 e4 33. Kf2 f5 34. gxf5
exf3 35. Kxf3 Bxf5 36. e4 Be6 37. b4 Bb3 38. Ne1 Bd1+ 39. Kg3 Ba4 40. Kf3 Bd4
41. Bd2 Ke6 42. Nd3 Bb5 43. Ne1 Bc4 44. Nc2 Bb6 45. Bc3 g6 46. Bd4 Bb3 47. Bxb6
Bxc2 48. Kf4 Ba4 49. Bc7 Bc6 50. Ke3 g5 51. Kd4 g4 52. Bg3 Kd7 53. Ke5 Ke7 54.
Bh4+ Kd7 55. Kf5 Kd6 56. Bg3+ Ke7 57. e5 Bd7+ 58. Kf4 Ke6 59. Kxg4 Kd5+ 60. Kg5
Ke6 61. Kg6 Bc6 62. Bh2 Bb5 63. Kg5 Bd7 64. Kf4 Kd5 65. Ke3 Bc6 66. Bg3 Kc4 67.
Be1 Kd5 68. Bc3 Kc4 69. Bd2 Kd5 70. Kf4 Bd7 71. Be3 Kc4 72. Bc5 Kd5 73. Bd6 Bc8
74. b5 Bd7 75. b6 Bc8 76. Kg5 Ke6 77. Kg6 Bb7 78. Kg7 Kd7 79. Kf6 Bd5 80. Bb4
Kc6 81. Ba5 Kd7 82. e6+ Kd6 83. e7 Kd7 84. b7 Bxb7 85. Kf7 1-0

[Event "TCh-NOR Elite 2023-24"]
[Site "Oslo NOR"]
[Date "2023.10.27"]
[Round "1.46"]
[White "Fossheim, Yngve"]
[Black "Vea, Odin Blikra"]
[Result "1-0"]
[BlackTitle "CM"]
[WhiteElo "2090"]
[BlackElo "2157"]
[WhiteTeam "Bergens"]
[BlackTeam "Valerenga"]
[WhiteFideId "1512277"]
[BlackFideId "1503685"]
[EventDate "2023.10.27"]
[EventType "team"]

1. e4 c5 2. Nf3 d6 3. d4 cxd4 4. Nxd4 Nf6 5. Nc3 g6 6. f3 Bg7 7. Be3 Nc6 8. Bc4
O-O 9. Bb3 Nxd4 10. Bxd4 Be6 11. Qd2 Qa5 12. Ne2 Qxd2+ 13. Kxd2 Bxb3 14. axb3 a6
15. Ra5 Rac8 16. b4 e5 17. Be3 d5 18. exd5 Rfd8 19. Bg5 Rxd5+ 20. Kc1 h6 21.
Bxf6 Rxa5 22. bxa5 Bxf6 23. Rd1 Rc5 24. b4 Rc4 25. c3 e4 26. fxe4 Rxe4 27. Kd2
Re7 28. Nd4 Bxd4 29. cxd4 Kf8 30. Kd3 Ke8 31. Rc1 Kd7 32. Rf1 f5 33. Rc1 Kd6 34.
b5 axb5 35. Rc5 f4 36. Rxb5 Re3+ 37. Kc4 Kc7 38. Rb6 g5 39. Rxh6 Re2 40. g3 f3
41. g4 f2 42. Rf6 Rc2+ 43. Kd3 Ra2 44. Ke3 Rxa5 45. Rxf2 Kd6 46. Ke4 Ke6 47. Rb2
b5 48. h3 Kf6 49. Rf2+ Kg6 50. Rf5 Kh6 51. Rf6+ Kg7 52. Rb6 Kf7 53. d5 Ra3 54.
Kf5 Rxh3 55. Rb7+ 1-0

[Event "TCh-NOR Elite 2023-24"]
[Site "Oslo NOR"]
[Date "2023.10.27"]
[Round "1.51"]
[White "Carlsen, Magnus"]
[Black "Petkov, Momchil"]
[Result "1-0"]
[WhiteTitle "GM"]
[BlackTitle "GM"]
[WhiteElo "2830"]
[BlackElo "2500"]
[WhiteTeam "Offerspill"]
[BlackTeam "Baerum"]
[WhiteFideId "1503014"]
[BlackFideId "2921642"]
[EventDate "2023.10.27"]
[EventType "team"]

1. e4 c5 2. Nf3 Nc6 3. Nc3 Nf6 4. h3 d6 5. d4 cxd4 6. Nxd4 e5 7. Nf3 Be7 8. Bc4
Be6 9. Bb3 O-O 10. Bg5 Qd7 11. O-O h6 12. Bxf6 Bxf6 13. Nd5 Bd8 14. Qd3 Kh8 15.
Rad1 f5 16. Nc3 Be7 17. Bxe6 Qxe6 18. Nd5 Bd8 19. Rfe1 Rc8 20. exf5 Rxf5 21. c3
Rf7 22. Re4 Ne7 23. Ne3 Bc7 24. Qc4 Rf6 25. Qxe6 Rxe6 26. Rb4 Bb6 27. Nc4 Rc6
28. Nxb6 Rxb6 29. Rxb6 axb6 30. c4 Kg8 31. Nd2 Nc6 32. Ne4 Nd4 33. Rd3 Re7 34.
Ra3 Rd7 35. Nc3 Kf7 36. Ra4 Rc7 37. Kf1 Ke6 38. Ke1 Rc5 39. Ra7 Rxc4 40. Rxb7 b5
41. Nxb5 Rc2 42. Nxd4+ exd4 43. a4 Kd5 44. a5 Rc1+ 45. Kd2 Ra1 46. Rxg7 Rxa5 47.
Rf7 Ra2 48. Kc2 Ra1 49. f3 Re1 50. Rf5+ Kc4 51. b3+ Kb4 52. Rd5 Re2+ 53. Kd3
Rxg2 54. Rxd6 Rg3 55. Rxd4+ Kxb3 56. Ke4 Rxh3 57. f4 Rh1 58. f5 1-0

[Event "TCh-NOR Elite 2023-24"]
[Site "Oslo NOR"]
[Date "2023.10.27"]
[Round "1.52"]
[White "Delchev, Aleksander"]
[Black "Pranav, V"]
[Result "0-1"]
[WhiteTitle "GM"]
[BlackTitle "GM"]
[WhiteElo "2486"]
[BlackElo "2604"]
[WhiteTeam "Baerum"]
[BlackTeam "Offerspill"]
[WhiteFideId "2900394"]
[BlackFideId "25060783"]
[EventDate "2023.10.27"]
[EventType "team"]

1. e4 c6 2. Nf3 d5 3. d3 Bg4 4. h3 Bxf3 5. Qxf3 e6 6. g3 Nd7 7. Bg2 Ngf6 8. Qe2
Bd6 9. Nd2 O-O 10. O-O Re8 11. Nf3 e5 12. Nh4 a5 13. Nf5 Bf8 14. a4 Nc5 15. h4
Ne6 16. Bg5 h6 17. Bxf6 Qxf6 18. exd5 Qxf5 19. dxe6 Qxe6 20. h5 f5 21. Bh3 Bc5
22. c3 Qf7 23. Rae1 Re7 24. Qf3 Rf8 25. Re2 Qf6 26. d4 exd4 27. Rxe7 Qxe7 28.
cxd4 Bxd4 29. Bxf5 Bxb2 30. Qb3+ Kh8 31. Bb1 Qe2 32. Bd3 Qf3 33. Qxb2 Qxd3 34.
Qxb7 Qe4 35. Qb6 Qxa4 36. Qc5 Rd8 37. Re1 Qb5 38. Qe7 Rg8 39. Re5 Qb4 40. Qc7 a4
41. Qxc6 a3 42. Qa6 Rf8 43. Re2 Qb3 44. Kh2 Qf3 45. Qb5 Qf7 46. Qa5 Qb3 47. Rd2
Qf3 48. Qb5 Ra8 49. Ra2 Qf7 50. Qe2 Re8 51. Qb5 Ra8 52. Qe2 Qd5 53. Kg1 Qb3 54.
Kg2 Rc8 55. Rd2 Qb1 56. Qe6 Qb7+ 57. Kh2 Ra8 58. Qa2 Qf3 59. Rd5 Re8 60. Ra5 Re1 0-1

[Event "TCh-NOR Elite 2023-24"]
[Site "Oslo NOR"]
[Date "2023.10.27"]
[Round "1.53"]
[White "Urkedal, Frode Olav Olsen"]
[Black "Elmi, Saad Abobaker"]
[Result "1-0"]
[WhiteTitle "GM"]
[BlackTitle "FM"]
[WhiteElo "2536"]
[BlackElo "2344"]
[WhiteTeam "Offerspill"]
[BlackTeam "Baerum"]
[WhiteFideId "1506102"]
[BlackFideId "1553259"]
[EventDate "2023.10.27"]
[EventType "team"]

1. e4 c5 2. Nf3 a6 3. c3 d5 4. exd5 Qxd5 5. d4 e6 6. Be3 cxd4 7. cxd4 Nf6 8. Nc3
Qd6 9. Bd3 Be7 10. O-O O-O 11. Rc1 Nc6 12. a3 Nd5 13. Bb1 Nf6 14. Qd3 g6 15. Bg5
Rd8 16. Rfd1 Bd7 17. Ba2 Be8 18. Qe2 Nd5 19. Ne4 Qc7 20. h4 Rac8 21. Nc5 Kg7 22.
h5 Bxg5 23. Nxg5 Qe7 24. Qg4 Nf6 25. h6+ Kg8 26. Qh4 Nxd4 27. Rxd4 Rxc5 28. Rxc5
Qxc5 29. Rxd8 Qc1+ 30. Kh2 Qc7+ 31. g3 Qxd8 32. Ne4 1-0

[Event "TCh-NOR Elite 2023-24"]
[Site "Oslo NOR"]
[Date "2023.10.27"]
[Round "1.54"]
[White "Mihajlov, Svetoslav"]
[Black "Haldorsen, Benjamin"]
[Result "0-1"]
[WhiteTitle "CM"]
[BlackTitle "IM"]
[WhiteElo "2094"]
[BlackElo "2426"]
[WhiteTeam "Baerum"]
[BlackTeam "Offerspill"]
[WhiteFideId "1507168"]
[BlackFideId "1512633"]
[EventDate "2023.10.27"]
[EventType "team"]

1. c4 e5 2. Nc3 Bb4 3. g3 Bxc3 4. dxc3 d6 5. Bg2 f5 6. Nf3 Nf6 7. O-O O-O 8. Ne1
Qe8 9. Nc2 Nbd7 10. b3 Qg6 11. Nb4 a5 12. Nd5 Nxd5 13. Qxd5+ Kh8 14. f4 e4 15.
Be3 Nf6 16. Qd2 b6 17. a4 Be6 18. Rad1 h5 19. Kh1 Qh7 20. h4 Qg6 21. Qe1 Rad8
22. Bd4 Ng4 23. Bh3 Nh6 24. Kh2 Qf7 25. Rd2 Rd7 26. Qc1 Rfd8 27. Rfd1 Ng8 28.
Be3 Nf6 29. Bd4 Ng8 30. Be3 Ne7 31. Bg1 Kg8 32. Bg2 Kh7 33. Bh3 Kg8 34. Bg2 c5
35. Bh3 Qf6 36. Bg2 Kh7 37. Bh3 Kh8 38. Bg2 Kg8 39. Bh3 Nc6 40. Be3 Kh7 41. Bg2
Ne7 42. Bg1 Bf7 43. Bh3 g6 44. Bg2 Kg7 45. Bh3 Kg8 46. Bg2 Kg7 47. Bh3 Kh7 48.
Bg2 d5 49. cxd5 Rxd5 50. c4 Rxd2 51. Rxd2 Nc6 52. Qd1 Rxd2 53. Qxd2 Kg7 54. Bf2
Nd4 55. Qd1 Kf8 56. Kg1 Ke7 57. Kf1 Nc6 58. Qc1 Nb4 59. Be1 Qd4 60. Bf2 Na2 61.
Qb1 Nc3 62. Qc1 Qd1+ 63. Qxd1 Nxd1 64. Ke1 Nb2 65. Bf1 Nxc4 66. bxc4 Bxc4 67. e3
Bxf1 68. Kxf1 Kd6 69. Be1 Kd5 70. Bc3 Kc4 71. Bf6 Kb4 72. Bd8 Kxa4 73. Bxb6 c4
74. Ke2 c3 75. Kd1 Kb3 76. Kc1 a4 77. Bd4 a3 78. Kb1 a2+ 79. Ka1 Kc2 80. Kxa2
Kd2 81. Kb3 c2 82. Bc3+ Kd1 83. Bb2 c1=Q 84. Bxc1 Kxc1 85. Kc3 Kd1 86. Kd4 Kd2 0-1

[Event "TCh-NOR Elite 2023-24"]
[Site "Oslo NOR"]
[Date "2023.10.27"]
[Round "1.55"]
[White "Johansson, Linus"]
[Black "Mellem, Nicolas Axel"]
[Result "1-0"]
[WhiteTitle "IM"]
[WhiteElo "2427"]
[BlackElo "2122"]
[WhiteTeam "Offerspill"]
[BlackTeam "Baerum"]
[WhiteFideId "1711113"]
[BlackFideId "1502603"]
[EventDate "2023.10.27"]
[EventType "team"]

1. d4 d5 2. c4 e6 3. Nc3 Nf6 4. cxd5 exd5 5. Bg5 Be7 6. e3 c6 7. Bd3 Nbd7 8. h3
g6 9. Nf3 Nh5 10. Bh6 Bf8 11. Bxf8 Nxf8 12. Qc2 Ne6 13. O-O-O Bd7 14. Ne5 Nf6
15. Kb1 Qe7 16. Qb3 O-O-O 17. Rc1 Kb8 18. Na4 Rc8 19. Nc5 Nxc5 20. Rxc5 Rc7 21.
Rhc1 Rhc8 22. R1c3 Ka8 23. Ra5 b5 24. a4 bxa4 25. Qxa4 Be8 26. Rac5 Qe6 27. Qc2
h5 28. Ba6 Ne4 29. Bxc8 Nxc3+ 30. Rxc3 Rxc8 31. Nd3 Qe4 32. Nf4 Qxc2+ 33. Kxc2
Bd7 34. h4 Rb8 35. Kc1 Rb6 36. Nd3 Ra6 37. Nc5 Ra1+ 38. Kd2 Be8 39. Rb3 Ra5 40.
Kc3 Rb5 41. Rxb5 cxb5 42. Kb4 Kb8 43. Nb3 Kc7 44. Kc5 a6 45. Na5 f6 46. Kxd5 b4
47. Kc5 g5 48. g3 Kd7 49. d5 Ke7 50. Nc6+ Kf7 51. Nxb4 a5 52. Nc6 a4 53. Kd6
gxh4 54. gxh4 f5 55. f4 1-0

[Event "TCh-NOR Elite 2023-24"]
[Site "Oslo NOR"]
[Date "2023.10.27"]
[Round "1.56"]
[White "Olsen, William Alexander"]
[Black "Haug, Johannes"]
[Result "0-1"]
[BlackTitle "IM"]
[WhiteElo "2022"]
[BlackElo "2469"]
[WhiteTeam "Baerum"]
[BlackTeam "Offerspill"]
[WhiteFideId "1536915"]
[BlackFideId "1509268"]
[EventDate "2023.10.27"]
[EventType "team"]

1. d4 g6 2. e4 d6 3. f4 Bg7 4. Nf3 c5 5. c3 cxd4 6. cxd4 Nf6 7. Bd3 O-O 8. O-O
Nc6 9. Na3 Nb4 10. Bb1 Bg4 11. h3 Bd7 12. Qb3 a5 13. Bd2 d5 14. e5 Ne4 15. Bxb4
axb4 16. Qxb4 Bh6 17. Qe1 Bxf4 18. Bxe4 dxe4 19. Qxe4 Bh6 20. Nc2 Kg7 21. Nb4
Rc8 22. a3 b5 23. g4 Kg8 24. g5 Bg7 25. Kg2 Rc4 26. Qe3 Bc8 27. b3 Rc7 28. d5
Qd7 29. Nd4 Bb7 30. Ndc6 e6 31. Rac1 exd5 32. Rf6 d4 33. Qf4 Rfc8 34. Rd6 Qe8
35. Qe4 Bxe5 36. Nd5 Rxc6 37. Nf6+ Bxf6 38. Qxe8+ Rxe8 39. Rcxc6 Bxg5 40. Kf2
Bxc6 41. Rxc6 0-1

[Event "TCh-NOR Elite 2023-24"]
[Site "Oslo NOR"]
[Date "2023.10.28"]
[Round "2.11"]
[White "Hauge, Lars Oskar"]
[Black "Petkov, Momchil"]
[Result "1/2-1/2"]
[WhiteTitle "GM"]
[BlackTitle "GM"]
[WhiteElo "2481"]
[BlackElo "2500"]
[WhiteTeam "OSS"]
[BlackTeam "Baerum"]
[WhiteFideId "1509276"]
[BlackFideId "2921642"]
[EventDate "2023.10.27"]
[EventType "team"]

1. e4 c5 2. Nf3 Nc6 3. Bb5 Nf6 4. Bxc6 dxc6 5. d3 Qc7 6. Nbd2 e5 7. O-O Be7 8.
Nc4 Ng4 9. h3 b5 10. Ne3 Nxe3 11. Bxe3 O-O 12. Nd2 Be6 13. f4 exf4 14. Bxf4 Qd7
15. Be3 f5 16. Qh5 fxe4 17. Nxe4 c4 18. Qe5 Qd5 19. Qc7 cxd3 20. Qxe7 Qxe4 21.
Rxf8+ Rxf8 22. Bc5 Rc8 23. cxd3 Qg6 24. Rf1 h6 25. Qd6 Bf5 26. Qxg6 Bxg6 27.
Bxa7 Ra8 28. Bd4 Rxa2 29. Rc1 Ra6 30. Re1 Ra4 31. Bc3 Ra7 32. Re6 1/2-1/2

[Event "TCh-NOR Elite 2023-24"]
[Site "Oslo NOR"]
[Date "2023.10.28"]
[Round "2.12"]
[White "Delchev, Aleksander"]
[Black "Mitusov, Semen"]
[Result "0-1"]
[WhiteTitle "GM"]
[BlackTitle "IM"]
[WhiteElo "2486"]
[BlackElo "2487"]
[WhiteTeam "Baerum"]
[BlackTeam "OSS"]
[WhiteFideId "2900394"]
[BlackFideId "14151049"]
[EventDate "2023.10.27"]
[EventType "team"]

1. d4 d5 2. Nf3 Nf6 3. c4 e6 4. g3 dxc4 5. Bg2 a6 6. O-O Nc6 7. Be3 Be7 8. Qc1
Nd5 9. Qxc4 Nxe3 10. fxe3 O-O 11. Nc3 Bd6 12. Rad1 Qe8 13. Kh1 h6 14. Ne4 b5 15.
Qc3 Ra7 16. Ne5 Ne7 17. Nf6+ gxf6 18. Ng4 Qd8 19. e4 f5 20. Nf6+ Kh8 21. e5 Ng8
22. Nxg8 Kxg8 23. exd6 cxd6 24. d5 Rc7 25. Qd2 Qg5 26. dxe6 Bxe6 27. Qxd6 Rc2
28. Qe5 Qg7 29. Qxg7+ Kxg7 30. Rd6 Rxe2 31. Rxa6 Rxb2 32. a3 Rd8 33. Kg1 Rdd2
34. Bc6 b4 0-1

[Event "TCh-NOR Elite 2023-24"]
[Site "Oslo NOR"]
[Date "2023.10.28"]
[Round "2.13"]
[White "Ingebretsen, Jens E"]
[Black "Elmi, Saad Abobaker"]
[Result "1-0"]
[WhiteTitle "IM"]
[BlackTitle "FM"]
[WhiteElo "2402"]
[BlackElo "2344"]
[WhiteTeam "OSS"]
[BlackTeam "Baerum"]
[WhiteFideId "1522965"]
[BlackFideId "1553259"]
[EventDate "2023.10.27"]
[EventType "team"]

1. g3 c5 2. c4 Nc6 3. Bg2 g6 4. Nc3 Bg7 5. d3 Nf6 6. Qd2 e6 7. b3 O-O 8. Ba3 Qa5
9. Bb2 Rd8 10. Nf3 d5 11. O-O b6 12. a3 d4 13. Ne5 Nxe5 14. Bxa8 Bd7 15. Bg2 Bc6
16. Nb1 Bxg2 17. Qxa5 bxa5 18. Kxg2 Rb8 19. Nd2 Bh6 20. Bc1 Nc6 21. Rb1 e5 22.
h4 Kg7 23. f3 Be3 24. Ne4 Nxe4 25. fxe4 Bxc1 26. Rfxc1 f5 27. Kf3 h5 28. Kf2 Kf6
29. Ke1 Ke6 30. Kd2 Rb7 31. Rf1 a6 32. Rf3 Rd7 33. Rbf1 Rf7 34. Kc2 Rf8 35. R3f2
Rf7 36. Kd2 Rf6 37. Ke1 Rf8 38. Rf3 Ne7 39. Kd1 Nc6 40. Kd2 Rf7 41. Ke1 Ne7 42.
R3f2 Rf8 43. Kd2 Nc6 44. Ra1 Ra8 45. Rff1 Ra7 46. Rfb1 Ra8 47. Rb2 Ra7 48. Ke1
Ra8 49. Kf2 Ra7 50. Kg2 Ra8 51. Rbb1 Ra7 52. Rf1 Rb7 53. Rab1 Rh7 54. Rf2 Rb7
55. Rff1 Rh7 56. Kf3 Rb7 57. Rb2 Rb8 58. Ra1 Ra8 59. Rba2 Ra7 60. b4 axb4 61.
axb4 Nxb4 62. Ra5 Kd6 63. Rb5 Nc6 64. Rb6 a5 65. Ra4 Kc7 66. Rb5 Kd6 67. Kg2 Rf7
68. Ra1 Ra7 69. Ra3 Rf7 70. Rab3 fxe4 71. dxe4 Ra7 72. Rb1 g5 73. hxg5 Rg7 1-0

[Event "TCh-NOR Elite 2023-24"]
[Site "Oslo NOR"]
[Date "2023.10.28"]
[Round "2.14"]
[White "Stigar, Petter"]
[Black "Getz, Nicolai"]
[Result "0-1"]
[WhiteTitle "FM"]
[BlackTitle "IM"]
[WhiteElo "2174"]
[BlackElo "2354"]
[WhiteTeam "Baerum"]
[BlackTeam "OSS"]
[WhiteFideId "1500341"]
[BlackFideId "1505572"]
[EventDate "2023.10.27"]
[EventType "team"]

1. c4 d6 2. Nc3 e5 3. Nf3 Bg4 4. e3 Nc6 5. Be2 Qd7 6. h3 Bf5 7. d4 Nf6 8. Nh4 h5
9. Nxf5 Qxf5 10. d5 Ne7 11. Qa4+ Qd7 12. Qb3 c5 13. dxc6 bxc6 14. e4 Ng6 15. O-O
Be7 16. Rd1 Qc7 17. Be3 Nd7 18. Qa4 Nf4 19. Bf1 O-O 20. b4 a6 21. Rac1 Qb7 22.
a3 Ne6 23. Rd2 Rfd8 24. Qd1 Nf6 25. Rb1 g6 26. Qc2 Rac8 27. Qa4 Ne8 28. c5 N8c7
29. cxd6 Rxd6 30. Rxd6 Bxd6 31. Bc4 Re8 32. Rd1 Nb5 33. Ne2 Bb8 34. Qb3 Ba7 35.
Bxa7 Qxa7 36. Bxe6 Rxe6 37. a4 Nd6 38. Nc3 Qb6 39. Rd2 Kg7 40. h4 Rf6 41. a5 Qa7
42. Qa2 Qb8 43. Qb3 Rf4 44. g3 Rf3 45. Re2 Nb5 46. Re3 Nd4 47. Qc4 Qc8 48. Rxf3
Nxf3+ 49. Kg2 Nd4 50. Ne2 Qg4 51. Nxd4 Qxe4+ 52. f3 Qxd4 53. Qxa6 Qxb4 54. Qb6
Qd2+ 55. Kf1 Qc1+ 56. Kf2 c5 57. a6 Qd2+ 58. Kf1 c4 59. a7 c3 60. Qc5 c2 61.
Qxc2 Qxc2 62. a8=Q Qh2 0-1

[Event "TCh-NOR Elite 2023-24"]
[Site "Oslo NOR"]
[Date "2023.10.28"]
[Round "2.15"]
[White "Melaa, Sondre"]
[Black "Mihajlov, Svetoslav"]
[Result "1-0"]
[BlackTitle "CM"]
[WhiteElo "2285"]
[BlackElo "2094"]
[WhiteTeam "OSS"]
[BlackTeam "Baerum"]
[WhiteFideId "1530470"]
[BlackFideId "1507168"]
[EventDate "2023.10.27"]
[EventType "team"]

1. e4 e5 2. Nf3 Nc6 3. Bc4 Bc5 4. d3 d6 5. c3 a6 6. Bb3 Nf6 7. O-O Ba7 8. Nbd2
O-O 9. h3 h6 10. Re1 Re8 11. Nf1 Bd7 12. Ng3 Ne7 13. Nh4 Be6 14. Bc2 Ng6 15.
Nxg6 fxg6 16. d4 Bf7 17. Be3 c5 18. dxe5 dxe5 19. Qxd8 Rexd8 20. a4 a5 21. Rad1
b6 22. f4 exf4 23. Bxf4 Rac8 24. e5 Nd5 25. Bc1 Bb8 26. Re4 Ne7 27. Rde1 Be6 28.
R4e2 Bc4 29. Re4 Be6 30. Nf1 g5 31. Bd1 Rd7 32. Be2 Rcd8 33. Ne3 Ng6 34. Bc4 Kf7
35. b4 cxb4 36. cxb4 Rd4 37. Rxd4 Rxd4 38. Bb2 Re4 39. Rf1+ Ke7 40. Nd5+ Bxd5
41. Bxd5 Rf4 42. bxa5 Rxf1+ 43. Kxf1 bxa5 44. Bc3 Bc7 45. e6 Nf4 46. Bc4 Nxe6
47. Ke2 Nf4+ 48. Kf3 g6 49. Bd2 Kd6 50. Be3 Ke5 51. Bb3 Nd5 52. Bc5 Bd6 53. Bf2
Bb4 54. Bc2 Nc3 55. Be3 Nd5 56. Bc1 Ne7 57. Bb2+ Kd5 58. Bb3+ Kd6 59. Ke4 h5 60.
Be5+ Kd7 61. Bf6 Bd2 62. Kd3 Bf4 63. Ke4 Kd6 64. h4 Nf5 65. hxg5 Bd2 66. Bf7 Ne7
67. Kd3 Bc1 68. Ke4 Bd2 69. Be5+ Kd7 70. Bf4 Bc3 71. Kd3 Be1 72. Kd4 Bb4 73. Kc4
Kc6 74. Be8+ Kb6 75. Be3+ Kc7 76. Bc5 Kd8 77. Bxb4 axb4 78. Bf7 Nc6 79. Bd5 Ne7
80. Be4 1-0

[Event "TCh-NOR Elite 2023-24"]
[Site "Oslo NOR"]
[Date "2023.10.28"]
[Round "2.16"]
[White "Olsen, William Alexander"]
[Black "Eliseev, Sergey"]
[Result "1-0"]
[WhiteElo "2022"]
[BlackElo "2131"]
[WhiteTeam "Baerum"]
[BlackTeam "OSS"]
[WhiteFideId "1536915"]
[BlackFideId "1534734"]
[EventDate "2023.10.27"]
[EventType "team"]

1. e4 e5 2. Nc3 Nf6 3. Bc4 Nxe4 4. Qh5 Nd6 5. Bb3 Nc6 6. Nb5 g6 7. Qf3 Nf5 8. g4
a6 9. gxf5 axb5 10. fxg6 Qe7 11. gxf7+ Kd8 12. Ne2 Bh6 13. Rg1 Rf8 14. Qh5 Qf6
15. Rg8 Ke7 16. Nc3 Nb4 17. Ne4 1-0

[Event "TCh-NOR Elite 2023-24"]
[Site "Oslo NOR"]
[Date "2023.10.28"]
[Round "2.21"]
[White "Bern, Ivar"]
[Black "Pranav, V"]
[Result "1/2-1/2"]
[WhiteTitle "IM"]
[BlackTitle "GM"]
[WhiteElo "2301"]
[BlackElo "2604"]
[WhiteTeam "Bergens"]
[BlackTeam "Offerspill"]
[WhiteFideId "1500171"]
[BlackFideId "25060783"]
[EventDate "2023.10.27"]
[EventType "team"]

1. c4 e5 2. Nc3 Nf6 3. Nf3 Nc6 4. e4 Bb4 5. d3 d6 6. a3 Ba5 7. b4 Bb6 8. Na4 Bg4
9. Nxb6 axb6 10. Bb2 Nd7 11. Be2 Bxf3 12. Bxf3 Nf8 13. Bg4 Qe7 14. g3 Ne6 15.
O-O g5 16. Kh1 Ng7 17. Bh5 O-O-O 18. Bc3 Rdf8 19. a4 Nxh5 20. Qxh5 f5 21. a5
bxa5 22. b5 Nd8 23. Rxa5 Kd7 24. exf5 Rxf5 25. Bd2 Qe6 26. Kg1 h6 27. Be3 Rhf8
28. Rc1 Rf3 29. Ra8 Qf5 30. c5 dxc5 31. Bxc5 Rf7 32. Ra2 Ne6 33. Be3 Rf6 34.
Rac2 Kd8 35. h3 Ng7 36. Qg4 Qxg4 37. hxg4 Ne6 38. Rc4 Kd7 39. Re4 Kd6 40. Re1 c5
41. bxc6 bxc6 42. Ba7 Rxd3 43. Bb8+ Kd7 44. Bxe5 Rf8 45. Ra4 Rf7 46. Ra7+ Ke8
47. Ra6 Kd7 48. Ra7+ Ke8 49. Ra6 Kd7 1/2-1/2